00496nam a2200133 i 450000100060000000300090000600500170001500700030003200800410003524501730007626000710024930000210032085200210034145017ES-MaACL20230906161133.0t|030324s1933 mx ||||1| spa d00aCódices indígenas de algunos pueblos del marquesado del Valle de Oxaca publicdos por el Archivo General de la Nación para el primer Congreso Mexicano de Historia. aMéxico : b[s.n.], c1933 (fTalleres Gráficos de la Nación) a82 p. ; c35 cm. aES-MaACLjA-3232